MDQL
is popping MORE tags! Check the
thread
!
Quizzes
Events
Quiz Creation
Community
Videos
Private Events
Remove Ads
Sign In
Join for FREE
Feedback
Dark Mode
Quiz Categories
Sports
Geography
Music
Movies
Television
Just For Fun
Miscellaneous
History
Literature
Language
Science
Gaming
Entertainment
Religion
Holiday
For Kids
Quiz Lab
Recent
Popular Today
Quiz Kudos Today
Editor Picks
Curator Picks
Quizzes by...
Day
Popularity
Type
Ratings
Length
Year
Community
Subscriptions
Recent Discussions
Orange Saloon
Badges
Playlists
Quests
Create
Leaderboards
Showdown
Live 5
Trivia Bingo
Activity
Puzzle Library
Sporcle Events
Private Events
Virtual Trivia
Globe League
Become a Host
Pub Owners
SporcleCon
Opinionation
Our Games
Videos
Blog
Mobile Apps
Partnerships
Remove Ads and Go Orange
Feedback
Sports
Athletes
MLB
NBA
NHL
NFL
Soccer
Sports Teams
WWE
NCAA
Football
Premier League
Basketball
Baseball
Hockey
Golf
Tennis
Cricket
Rugby
Auto Racing
Olympics
World Cup
Sports
Athletes
MLB
NBA
NHL
NFL
Soccer
Sports Teams
WWE
NCAA
Football
Premier League
Basketball
Baseball
Hockey
Golf
Tennis
Cricket
Rugby
Auto Racing
Olympics
World Cup
Random Quiz
Search Sporcle
×
Quiz Lab
Quiz Lab
Sports
Football
Type in answers that appear in a list
Type in answers that appear in a list
Classic
Best Score? Go Orange.
Detroit Lions Pro Football Hall of Famers Stats
Can you name the Detroit Lions Pro Football Hall of Famers?
By
SJCJr5498
8m
23 Questions
124 Plays
124 Plays
124 Plays
Comments
Comments
Give Quiz Kudos
Give Quiz Kudos
-
- Ratings
hide this ad
More Info
Replay
Link that replays current quiz
Next Quiz
Link to next quiz in quiz playlist
You Got
0%
They Got
Avg Score
51%
Avg Friend Score
Upgrade to see
Score Distribution
Jump to the score distribution portion of the page
Score
0/23
Timer
08:00
0
Plays Today
Seasons
Name
% Correct
1989-
1998
Barry Sanders
97.6%
1968-
1977
Charlie Sanders
96.8%
2007-
2015
Calvin Johnson
93.9%
1950-
1958
Bobby Layne
89.5%
1960-
1965
Dick 'Night Train' Lane
79.8%
1959-
1972
Dick LeBeau
69.4%
1950-
1955
Doak Walker
68.5%
1953-
1965, Head Coach: 1967-
1972
Joe Schmidt
66.1%
1967-
1977
Lem Barney
64.5%
1957-
1959
John Henry Johnson
63.7%
1958-
1962, 1964-
1970
Alex Karras
60.6%
1952-
1964
Yale Lary
58.1%
Seasons
Name
% Correct
1951-
1958
Jack Christiansen
55.6%
1931-
1932, 1934-
1938, Head Coach: 1937-
1938
Dutch Clark
52.4%
1950-
1959
Lou Creekmur
47.6%
1952-
1955
Dick Stanfel
39.5%
1964
Hugh McElhenny
37.1%
1980-
1981
Curley Culp
34.7%
1938-
1946
Alex Wojciechowicz
33.9%
1963
Ollie Matson
30.6%
1947-
1949
Bill Dudley
25.8%
1957
Frank Gatski
21%
2017
Dwight Freeney
0%
Quiz Playlist
Details
Report
Send in Message
Add To Playlist
More Info:
Portsmouth Spartans 1930-1933 Detroit Lions 1934-
Classic:
Type in answers that appear in a list
Last Updated: Feb 9, 2024
Quiz Scoreboard
CHALLENGE
Sign Up to Join the Scoreboard
Show All
Scores
Hide
Comments
May contain spoilers
Recently Published
5x2 Blitz: Bands
by SL_Kpop136
Music
30s
Colored Red Africa Blitz
by spor1
Geography
30s
Find the 'City' Movie
by crazypaving
Movies
60s
More to Explore
Quiz From the Vault
Featured Blog Post
14 Easter Pick-up Lines to Find Eggs With
hide this ad
You Might Also Like...
Tags
Football Quiz
NFL Quiz
detroit
Detroit Lions
lion
NFL Player
Pro Football Hall of Fame
Today's Top Quizzes in Sports
Browse Sports
hide this ad
Today's Top Quizzes in Football
Browse Football
Top Contributed Quizzes in Sports
1
Les entraîneurs de l'OM et du PSG au 21e siècle
2
Les meilleurs buteurs des matchs entre le PSG et l’OM
3
Les joueurs passés par le PSG et l'OM
4
Players with Multiple 50 Home Run Seasons
5
2022 World Cup Stars
6
Criteria MLB: Left Handed Sluggers
7
NBA Logic Puzzle 2.0
8
MLB Players with Two .350 Batting Average Seasons
9
Top 10 NHL Goal Scorers of All Time
10
Les joueurs passés par le LOSC et le RC Lens
Explore More
Trending Topics
NBA
Kpop
Disney
Crossword
Marvel
Harry Potter
Anime
Soccer
The Office
NFL
Pokémon
Song
WWE
Puzzle
Country
hide this ad
More By:
SJCJr5498
Quiz
Plays
Rating
Category
Featured
Created
Los Angeles Dodgers Baseball Hall of Famers
928
4.09
Sports
Oct 19, 2017
New York Yankees Baseball Hall of Famers
786
4.67
Sports
Oct 19, 2017
Boston Red Sox All-Stars 1933-2023
706
2.50
Sports
Sep 3, 2014
Boston Red Sox with 30+ Home Runs in a Season
691
4.86
Sports
Oct 10, 2017
New York Mets Baseball Hall of Famers
679
4.75
Sports
Oct 23, 2017
Go to Creator's Profile
Score Distribution
Quiz Creator Spotlight
SJCJr5498
Follow
Send a Message
Quizzes Created
-
Created Quiz Play Count
-
More By This Creator
Popular Quizzes Today
1
Colored Red Africa Blitz
2
Find the 'City' Movie
3
Find the US States - No Outlines Minefield
4
5x2 Blitz: Bands
5
The Countries of the World
6
Find the US States
7
US States
8
Find the Countries of Europe - No Outlines Minefield
More Sports Quizzes
Every WrestleMania Match 1-31!
Published
Trending Quizzes
Colored Red Europe Blitz I
Colored Red Africa Blitz II
Colored Red Europe Blitz II
Colored Red Europe Blitz III
Colored Red Africa Blitz III
Recently Updated
How Do You Spell That?
pecheneg
Godzilla Movies
pecheneg
Grab Bag: 4-10 Letters
pecheneg
2024 March Madness Bracket
pecheneg
Famous TV Couples
Peacemaker
Champions League XIs: Real Madrid
pecheneg
Largest US Cities 1790-2010
pecheneg
Rides in Walt Disney World
pecheneg
Most Oscar Losses (Acting)
pecheneg
Beyoncé Albums
pecheneg
Trending Topics
Disney
Anime
NBA
Marvel
Crossword
Kpop
Harry Potter
Song
Puzzle
Soccer
WWE
Pokémon
NFL
Country
The Office
Your Account Isn't Verified!
In order to create a playlist on Sporcle, you need to verify the email address you used during registration. Go to your
Sporcle Settings
to finish the process.
Report this User
Report this user for behavior that violates our
Community Guidelines
.
Details:
Send Report
Go to the Sporcle.com Mobile Site →
Comments